[Event "VI Sunway Sitges Open 2019"]
[Site "Sitges"]
[Date "2019.12.13"]
[Round "1.51"]
[White "Jimenez Ruano, Adrian"]
[Black "Rosh, Jain"]
[Result "1-0"]
[WhiteElo "2263"]
[BlackElo "1697"]
[Annotator "NA"]
[PlyCount "125"]
[EventDate "2019.12.13"]
[EventType "swiss"]
[EventCountry "ESP"]
[SourceTitle "playchess.com"]
[Source "ChessBase"]
[SourceQuality "1"]
[TimeControl "40/5400+30:1800+30"]

1. Nf3 {[%emt 0:00:00]} Nf6 {[%emt 0:00:00]} 2. c4 {[%emt 0:00:30]} e6 {[%emt 0:00:17]} 3. e3 {[%emt 0:00:22]} d5 {[%emt 0:00:50]} 4. Nc3 {[%emt 0:00:12]} Be7 {[%emt 0:00:49]} 5. Be2 {[%emt 0:01:04]} O-O {[%emt 0:01:06]} 6. O-O {[%emt 0:00:06]} c5 {[%emt 0:01:07]} 7. cxd5 {[%emt 0:00:09]} exd5 {[%emt 0:00:48]} 8. d4 {[%emt 0:00:05]} Nc6 {[%emt 0:02:06]} 9. dxc5 {[%emt 0:08:34]} Bxc5 {[%emt 0:00:36]} 10. b3 {[%emt 0:00:41]} Be6 {[%emt 0:09:05]} 11. Bb2 {[%emt 0:00:14]} Qe7 {[%emt 0:01:19]} 12. Nb5 {[%emt 0:06:07]} Rfd8 {[%emt 0:05:51]} 13. Nbd4 {[%emt 0:02:05]} Ba3 {[%emt 0:06:27]} 14. Qc1 {[%emt 0:01:43]} Bxb2 {[%emt 0:00:37]} 15. Qxb2 {[%emt 0:00:02]} Rac8 {[%emt 0:01:00]} 16. Nxc6 {[%emt 0:07:22]} bxc6 {[%emt 0:01:22]} 17. Ba6 {[%emt 0:00:39]} Rc7 {[%emt 0:03:37]} 18. Rac1 {[%emt 0:01:01]} c5 {[%emt 0:00:57]} 19. Qe5 {[%emt 0:08:54]} Qd6 {[%emt 0:04:34]} 20. Rfd1 {[%emt 0:05:18]} Qxe5 {[%emt 0:11:43]} 21. Nxe5 {[%emt 0:00:06]} Nd7 {[%emt 0:01:06]} 22. Nxd7 {[%emt 0:12:13]} Rdxd7 {[%emt 0:00:15]} 23. f3 {[%emt 0:01:00]} Kf8 {[%emt 0:03:08]} 24. Bb5 {[%emt 0:02:06]} Rd8 {[%emt 0:01:44]} 25. e4 {[%emt 0:01:19]} d4 {[%emt 0:01:14]} 26. Bc4 {[%emt 0:03:22]} Bxc4 {[%emt 0:04:09]} 27. Rxc4 {[%emt 0:00:07]} a5 {[%emt 0:00:30]} 28. Rdc1 {[%emt 0:03:22]} Rdc8 {[%emt 0:07:43]} 29. Kf2 {[%emt 0:00:02]} Ke7 {[%emt 0:00:59]} 30. Ra4 {[%emt 0:02:36]} Ra7 {[%emt 0:05:41]} 31. Rxd4 {[%emt 0:03:20]} cxd4 {[%emt 0:00:12]} 32. Rxc8 {[%emt 0:00:01]} Rb7 {[%emt 0:01:14]} 33. Rc4 {[%emt 0:00:53]} Rd7 {[%emt 0:03:22]} 34. Ke2 {[%emt 0:00:12]} Ke6 {[%emt 0:00:22]} 35. Kd3 {[%emt 0:00:08]} Ra7 {[%emt 0:02:14]} 36. Rxd4 {[%emt 0:01:01]} f6 {[%emt 0:00:44]} 37. Kc3 {[%emt 0:07:19]} Rc7+ {[%emt 0:00:31]} 38. Kb2 {[%emt 0:00:01]} Ra7 {[%emt 0:01:23]} 39. Ka3 {[%emt 0:00:39]} Rc7 {[%emt 0:00:11]} 40. Rc4 {[%emt 0:00:00]} Rd7 {[%emt 0:00:00]} 41. Rc2 {[%emt 0:02:53]} Rd4 {[%emt 0:00:59]} 42. Kb2 {[%emt 0:00:12]} Rd7 {[%emt 0:00:15]} 43. Rc6+ {[%emt 0:02:28]} Kf7 {[%emt 0:00:23]} 44. Kc2 {[%emt 0:00:21]} Kg6 {[%emt 0:01:09]} 45. Rc5 {[%emt 0:00:31]} Ra7 {[%emt 0:00:42]} 46. a4 {[%emt 0:01:31]} Kf7 {[%emt 0:00:17]} 47. Kc3 {[%emt 0:00:36]} Ke6 {[%emt 0:00:13]} 48. Rd5 {[%emt 0:03:52]} Rc7+ {[%emt 0:00:45]} 49. Kd3 {[%emt 0:00:41]} Rb7 {[%emt 0:00:18]} 50. Kc4 {[%emt 0:00:42]} Rc7+ {[%emt 0:00:27]} 51. Rc5 {[%emt 0:00:20]} Ra7 {[%emt 0:00:14]} 52. Kb5 {[%emt 0:16:47]} Rb7+ {[%emt 0:00:19]} 53. Kxa5 {[%emt 0:00:02]} Rxb3 {[%emt 0:00:12]} 54. Rb5 {[%emt 0:00:18]} Rc3 {[%emt 0:00:40]} 55. Kb6 {[%emt 0:01:22]} Rc2 {[%emt 0:00:13]} 56. a5 {[%emt 0:00:51]} Rxg2 {[%emt 0:00:23]} 57. a6 {[%emt 0:00:06]} Rxh2 {[%emt 0:00:19]} 58. a7 {[%emt 0:00:10]} Ra2 {[%emt 0:00:15]} 59. Ra5 {[%emt 0:00:10]} Rb2+ {[%emt 0:00:10]} 60. Ka6 {[%emt 0:00:33]} Rd2 {[%emt 0:00:43]} 61. a8=Q {[%emt 0:00:00]} Rd6+ {[%emt 0:00:13]} 62. Kb5 {[%emt 0:00:00]} h5 {[%emt 0:00:08]} 63. Qe8# {[%emt 0:00:10]} 1-0

[Event "VI Sunway Sitges Open 2019"]
[Site "Sitges"]
[Date "2019.12.13"]
[Round "1.52"]
[White "Varsha, Ramesh"]
[Black "Rakshitta, Ravi"]
[Result "0-1"]
[WhiteElo "1669"]
[BlackElo "2260"]
[Annotator "NA"]
[PlyCount "110"]
[EventDate "2019.12.13"]
[EventType "swiss"]
[EventCountry "ESP"]
[SourceTitle "playchess.com"]
[Source "ChessBase"]
[SourceQuality "1"]
[TimeControl "40/5400+30:1800+30"]

1. d4 {[%emt 0:00:00]} Nf6 {[%emt 0:00:02]} 2. Bf4 {[%emt 0:00:00]} g6 {[%emt 0:00:19]} 3. Nc3 {[%emt 0:00:00]} d5 {[%emt 0:00:05]} 4. e3 {[%emt 0:00:00]} Bg7 {[%emt 0:00:04]} 5. h4 {[%emt 0:00:04]} h5 {[%emt 0:04:36]} 6. Nf3 {[%emt 0:00:11]} O-O {[%emt 0:00:52]} 7. Ne5 {[%emt 0:01:03]} c5 {[%emt 0:00:59]} 8. Qd2 {[%emt 0:04:55]} Nc6 {[%emt 0:01:01]} 9. Be2 {[%emt 0:10:14]} cxd4 {[%emt 0:19:43]} 10. exd4 {[%emt 0:01:02]} Ne4 {[%emt 0:07:58]} 11. Nxc6 {[%emt 0:04:51]} bxc6 {[%emt 0:00:22]} 12. Nxe4 {[%emt 0:00:31]} dxe4 {[%emt 0:00:08]} 13. c3 {[%emt 0:00:44]} Qa5 {[%emt 0:05:02]} 14. Qe3 {[%emt 0:03:22]} Bf5 {[%emt 0:03:02]} 15. O-O {[%emt 0:11:42]} Qb6 {[%emt 0:12:53]} 16. b3 {[%emt 0:05:10]} Rac8 {[%emt 0:01:31]} 17. Bh6 {[%emt 0:05:07]} Rfd8 {[%emt 0:10:25]} 18. Bxg7 {[%emt 0:05:31]} Kxg7 {[%emt 0:00:02]} 19. Rfd1 {[%emt 0:03:41]} Qc7 {[%emt 0:01:03]} 20. Ba6 {[%emt 0:02:18]} Rb8 {[%emt 0:02:38]} 21. Bc4 {[%emt 0:00:23]} e6 {[%emt 0:06:14]} 22. Be2 {[%emt 0:03:21]} Rd7 {[%emt 0:04:21]} 23. Rac1 {[%emt 0:06:41]} Rbd8 {[%emt 0:00:15]} 24. Qg5 {[%emt 0:03:18]} e5 {[%emt 0:04:26]} 25. Qg3 {[%emt 0:02:44]} exd4 {[%emt 0:04:25]} 26. Qxc7 {[%emt 0:00:09]} Rxc7 {[%emt 0:00:01]} 27. Rxd4 {[%emt 0:00:26]} Re8 {[%emt 0:07:02]} 28. c4 {[%emt 0:07:06]} c5 {[%emt 0:00:24]} 29. Rd6 {[%emt 0:01:59]} Re6 {[%emt 0:00:09]} 30. Rcd1 {[%emt 0:03:00]} Kf6 {[%emt 0:00:11]} 31. Kf1 {[%emt 0:06:12]} Rxd6 {[%emt 0:00:17]} 32. Rxd6+ {[%emt 0:00:06]} Be6 {[%emt 0:00:07]} 33. Rd2 {[%emt 0:02:28]} Ke5 {[%emt 0:00:19]} 34. g3 {[%emt 0:01:23]} Rd7 {[%emt 0:02:38]} 35. Ke1 {[%emt 0:02:20]} Rxd2 {[%emt 0:00:41]} 36. Kxd2 {[%emt 0:00:02]} Kd4 {[%emt 0:00:06]} 37. Bd1 {[%emt 0:01:56]} f6 {[%emt 0:01:39]} 38. Be2 {[%emt 0:00:33]} Bf7 {[%emt 0:00:12]} 39. Bd1 {[%emt 0:03:00]} g5 {[%emt 0:01:13]} 40. hxg5 {[%emt 0:00:00]} fxg5 {[%emt 0:00:00]} 41. Be2 {[%emt 0:02:16]} Bg6 {[%emt 0:00:37]} 42. Bd1 {[%emt 0:04:16]} h4 {[%emt 0:01:54]} 43. gxh4 {[%emt 0:01:37]} gxh4 {[%emt 0:00:02]} 44. Bg4 {[%emt 0:00:28]} Ke5 {[%emt 0:01:10]} 45. Ke3 {[%emt 0:02:46]} Bf5 {[%emt 0:00:08]} 46. f4+ {[%emt 0:00:46]} exf3 {[%emt 0:00:29]} 47. Bxf3 {[%emt 0:00:20]} h3 {[%emt 0:00:12]} 48. Bb7 {[%emt 0:10:00]} a5 {[%emt 0:02:15]} 49. a3 {[%emt 0:01:14]} Bc2 {[%emt 0:00:54]} 50. b4 {[%emt 0:01:17]} cxb4 {[%emt 0:00:48]} 51. axb4 {[%emt 0:01:07]} axb4 {[%emt 0:00:11]} 52. c5 {[%emt 0:01:23]} b3 {[%emt 0:00:07]} 53. c6 {[%emt 0:00:46]} Kd6 {[%emt 0:00:12]} 54. c7 {[%emt 0:00:39]} Kxc7 {[%emt 0:00:04]} 55. Bf3 {[%emt 0:00:14]} b2 {[%emt 0:00:06]} 0-1

[Event "VI Sunway Sitges Open 2019"]
[Site "Sitges"]
[Date "2019.12.13"]
[Round "1.53"]
[White "Kochavi, Ori"]
[Black "Isaksson, Philip"]
[Result "1-0"]
[WhiteElo "2259"]
[BlackElo "1638"]
[Annotator "NA"]
[PlyCount "71"]
[EventDate "2019.12.13"]
[EventType "swiss"]
[EventCountry "ESP"]
[SourceTitle "playchess.com"]
[Source "ChessBase"]
[SourceQuality "1"]
[TimeControl "40/5400+30:1800+30"]

1. e4 {[%emt 0:16:45]} e5 {[%emt 0:00:03]} 2. Nf3 {[%emt 0:00:12]} Nc6 {[%emt 0:00:03]} 3. Bc4 {[%emt 0:00:03]} Bc5 {[%emt 0:00:06]} 4. d4 {[%emt 0:00:14]} exd4 {[%emt 0:01:30]} 5. c3 {[%emt 0:01:39]} d3 {[%emt 2:10:53]} 6. b4 Bb6 7. Qxd3 Nf6 8. O-O d6 9. a4 a6 10. h3 h6 11. Ra2 O-O 12. Re2 Re8 13. Na3 Ne5 14. Nxe5 dxe5 15. Qg3 Nh5 16. Qg6 Qf6 17. Qxh5 Be6 18. a5 Ba7 19. Be3 Bxc4 20. Nxc4 Qe6 21. Nd2 Bxe3 22. Rxe3 Rad8 23. Nf3 Rd7 24. Nh4 Red8 25. Rg3 Rd3 26. Nf5 Rxg3 27. fxg3 Rd3 28. Qg4 Qf6 29. Ne3 Qd6 30. Nd5 Rxd5 31. exd5 Qxd5 32. Qc8+ Kh7 33. Qxc7 e4 34. Qxf7 Qd3 35. Qf5+ Kh8 36. Qg6 1-0

[Event "VI Sunway Sitges Open 2019"]
[Site "Sitges"]
[Date "2019.12.13"]
[Round "1.54"]
[White "Jimenez Molina, Victor"]
[Black "Menac Comas, Joan Ramon"]
[Result "0-1"]
[WhiteElo "1665"]
[BlackElo "1997"]
[Annotator "NA"]
[PlyCount "57"]
[EventDate "2019.12.13"]
[EventType "swiss"]
[EventCountry "ESP"]
[SourceTitle "playchess.com"]
[Source "ChessBase"]
[SourceQuality "1"]
[TimeControl "40/5400+30:1800+30"]

1. Nf3 {[%emt 0:00:00]} d5 {[%emt 0:00:27]} 2. c4 {[%emt 0:01:01]} d4 {[%emt 0:01:08]} 3. g3 {[%emt 0:01:33]} Nc6 {[%emt 0:00:17]} 4. Bg2 {[%emt 0:00:00]} e5 5. d3 {[%emt 0:06:29]} Nf6 {[%emt 0:10:11]} 6. O-O {[%emt 0:00:00]} a5 7. e3 {[%emt 0:00:00]} Be7 {[%emt 0:03:41]} 8. exd4 exd4 9. Re1 {[%emt 0:00:45]} O-O 10. Na3 {[%emt 0:08:45]} Bg4 {[%emt 0:13:04]} 11. h3 {[%emt 0:08:54]} Bf5 12. Ne5 {[%emt 0:20:10]} Nxe5 {[%emt 0:18:05]} 13. Rxe5 {[%emt 0:03:32]} Bc8 {[%emt 0:16:20]} 14. Bd2 {[%emt 0:09:51]} c6 {[%emt 0:09:01]} 15. Qa4 {[%emt 0:07:24]} Nd7 {[%emt 0:12:15]} 16. Re2 {[%emt 0:00:41]} Nc5 {[%emt 0:00:35]} 17. Qc2 {[%emt 0:00:43]} Bf5 {[%emt 0:04:01]} 18. Re5 {[%emt 0:02:07]} Bxd3 {[%emt 0:00:35]} 19. Qd1 {[%emt 0:03:13]} Bg6 20. Nc2 {[%emt 0:07:13]} Nd3 {[%emt 0:03:30]} 21. Rxe7 {[%emt 0:00:04]} Qxe7 {[%emt 0:00:59]} 22. Nxd4 {[%emt 0:01:42]} Rad8 23. Bc3 {[%emt 0:03:09]} Qc5 {[%emt 0:00:00]} 24. Qg4 {[%emt 0:02:01]} Rfe8 25. h4 {[%emt 0:10:53]} f5 {[%emt 0:04:55]} 26. Bd5+ {[%emt 0:00:00]} cxd5 {[%emt 0:00:00]} 27. Nxf5 Qxf2+ {[%emt 0:00:00]} 28. Kh1 Qxf5 {[%emt 0:02:09]} 29. Qd1 {[%emt 0:00:05]} 0-1

[Event "VI Sunway Sitges Open 2019"]
[Site "Sitges"]
[Date "2019.12.14"]
[Round "2.1"]
[White "Raja Harshit"]
[Black "Maghsoodloo, Parham"]
[Result "1-0"]
[WhiteElo "2447"]
[BlackElo "2690"]
[Annotator "TA"]
[PlyCount "66"]
[EventDate "2019.12.13"]
[EventType "swiss"]
[EventCountry "ESP"]
[SourceTitle "playchess.com"]
[Source "ChessBase"]
[SourceQuality "1"]

{[%evp 17,66,50,51,41,39,29,31,29,51,53,45,17,14,13,16,19,47,35,49,0,33,35,71,21,281,289,272,289,365,268,260,242,221,235,275,270,287,287,287,287,287,287,464,331,29983,29984,29983,29984,29986,831,765]} 1. e4 e5 2. Nf3 Nc6 3. Bb5 a6 4. Ba4 Nf6 5. O-O b5 6. Bb3 Bc5 7. a4 Rb8 8. c3 d6 9. d4 Bb6 10. Qd3 {C78: Ruy Lopez: Archangelsk and Möller Defences} Bd7 11. axb5 axb5 12. Na3 {[%cal Bb1a3,Ba3b5,Bb5d4,Bd4f3,Bf3e5][%mdl 32] White is slightly better.} Qe7 $146 ({Predecessor:} 12... O-O 13. Nxb5 exd4 14. cxd4 Nb4 15. Qc4 Bxb5 16. Qxb5 Bxd4 17. Qc4 Bc5 18. e5 Nd7 {1-0 (50) Pichot,A (2556)-Jones,G (2671) Dubai 2017}) 13. Nxb5 O-O 14. Bg5 (14. Re1 {with more complications.} exd4 15. Nbxd4 Ne5 16. Qc2 c5 17. Nxe5 cxd4 18. Nd3) 14... exd4 15. Bxf6 ({Of course not} 15. Nfxd4 Qxe4 16. Qc2 Nxd4 $17) 15... Qxf6 16. Nbxd4 Ne5 17. Nxe5 dxe5 18. Nf3 (18. Nc2 $5 {[%cal Rd3d7]} Rfd8 19. Nb4 $14) 18... Rfd8 {White must now prevent ...Be6.} 19. Qe2 g5 20. Rad1 g4 $2 {[%mdl 8192] [#]} (20... Ba7 $11 {and Black has nothing to worry.} 21. Bc4 Bg4) 21. Nxe5 $1 $18 {[%mdl 576] Discovered Attack} Qxe5 {[#]} 22. Rxd7 $1 {[%mdl 512]} g3 (22... Rxd7 23. Qxg4+) 23. Qg4+ ({Weaker is} 23. Bxf7+ Kf8 $16) 23... Kh8 24. hxg3 Rxd7 25. Qxd7 f6 26. Qf7 Bc5 27. Rd1 {Threatening mate with Rd7!} Rf8 28. Qc4 {Strongly threatening Rd5.} Bb6 29. Qc6 f5 $2 (29... Qc5 {is a better defense.} 30. Qxc5 Bxc5) 30. Qh6 {[%cal Rh6f8]} Qc5 $2 (30... Qg7 $18 31. Qxg7+ Kxg7) 31. Kh2 Qe7 {[#]} 32. Rd7 $1 {[%mdl 512]} Rf6 {[#]} (32... Qxd7 33. Qxf8#) 33. Qg5 (33. Qh4 $142 $1 Bc5 34. Rxe7 Bxe7 35. exf5 c5 {[#]} 36. Qg5 $1 {[%mdl 512]} Rf7 37. Qe3 Kg7 38. Qe6) 33... Qf8 {Accuracy: White = 55%, Black = 37%.} 1-0

[Event "VI Sunway Sitges Open 2019"]
[Site "Sitges"]
[Date "2019.12.14"]
[Round "2.2"]
[White "Korobov, Anton"]
[Black "Chen, Qi b"]
[Result "1-0"]
[WhiteElo "2668"]
[BlackElo "2445"]
[Annotator "TA"]
[PlyCount "67"]
[EventDate "2019.12.13"]
[EventType "swiss"]
[EventCountry "ESP"]
[SourceTitle "playchess.com"]
[Source "ChessBase"]
[SourceQuality "1"]

{[%evp 23,67,5,21,0,0,0,0,0,29,26,37,38,67,66,60,62,105,55,90,99,103,98,110,105,110,54,54,31,310,276,325,330,312,312,316,303,314,304,304,284,341,328,332,333,321,322]} 1. d4 Nf6 2. c4 g6 3. Nc3 Bg7 4. e4 d6 5. f3 O-O 6. Nge2 c5 7. d5 e6 8. Ng3 exd5 9. cxd5 a6 10. a4 Ne8 11. Bd3 Nd7 12. O-O Rb8 13. Kh1 {A65: Modern Benoni: 6 e4} Nc7 14. a5 b5 $146 ({Predecessor:} 14... Ne5 15. Be2 h5 16. f4 Ng4 17. e5 Qh4 18. Bxg4 Bxg4 19. Qa4 Rbd8 20. exd6 Rxd6 {1-0 (40) Bischoff,K (2505)-Schaefer,M (2430) Germany 1993}) 15. axb6 $1 {The position is equal.} Nxb6 16. Bf4 Nb5 17. Nge2 Nd4 18. Nxd4 Bxd4 19. Qd2 f5 20. Rae1 Rf7 21. e5 dxe5 22. Bxe5 Bxe5 23. Rxe5 Nd7 24. Re2 ({White should play} 24. Re3 $16) 24... Rb4 $1 $14 25. b3 {Threatens to win with Bc4.} Rxb3 $2 {[%mdl 8192] [#]} (25... Nb6 $1 $14) 26. d6 $1 $18 {And now Bc4 would win.White has a decisive advantage.} Rb4 27. Nd5 Rd4 28. Ne7+ Kg7 29. Nc6 {[%mdl 64] Double Attack} Qf6 30. Nxd4 Qxd4 31. Bb1 a5 {intending ...Ba6.} 32. Ba2 ({Don't play} 32. Qxa5 Qxd6 33. Ba2 Rf8) 32... Qxd2 33. Rxd2 Rf8 34. Re1 {Accuracy: White = 63%, Black = 57%.} 1-0

[Event "VI Sunway Sitges Open 2019"]
[Site "Sitges"]
[Date "2019.12.14"]
[Round "2.3"]
[White "Sasikiran, Krishnan"]
[Black "Martin Duque, Jesus"]
[Result "1-0"]
[WhiteElo "2656"]
[BlackElo "2430"]
[Annotator "TA"]
[PlyCount "77"]
[EventDate "2019.12.13"]
[EventType "swiss"]
[EventCountry "ESP"]
[SourceTitle "playchess.com"]
[Source "ChessBase"]
[SourceQuality "1"]

{[%evp 19,77,23,25,0,0,0,0,0,0,0,0,7,9,0,22,10,4,10,8,10,21,11,28,0,8,13,7,12,4,16,20,16,15,0,33,30,59,-17,-19,-15,-21,-81,57,55,59,17,28,22,33,24,27,42,74,91,294,300,268,300,280,275]} 1. e4 c5 2. Nf3 e6 3. d4 cxd4 4. Nxd4 Nc6 5. Nc3 Qc7 6. Be3 a6 7. Qd2 Nf6 8. O-O-O Bb4 9. f3 Ne5 10. Nb3 b5 11. Qd4 {B48: Sicilian: Taimanov: 5 Nc3 Qc7 6 Be3 a6 without Be2} (11. Qf2 Be7 12. g4 d6 13. Rg1 Rb8 14. g5 Nfd7 15. f4 b4 16. Ne2 Nc4 17. Ng3 Nxe3 18. Qxe3 Qb6 19. Qxb6 Rxb6 {½-½ (52) Dominguez Perez,L (2732)-Vachier Lagrave,M (2758) Berlin 2015}) 11... Nc6 12. Qb6 Qxb6 13. Bxb6 {The position is equal.} Bxc3 14. bxc3 d5 15. Be2 O-O 16. Rhe1 Re8 $146 ({Predecessor:} 16... dxe4 17. fxe4 Re8 18. Rd6 Ne5 {1-0 (75) Booij,R (2384)-Poell,J (2386) ICCF email 2014}) 17. Bf1 dxe4 18. fxe4 e5 19. Rd6 Re6 20. Rd2 Re7 21. Nc5 Rb8 22. Bd8 $1 {[%cal Rd8e7]} Nxd8 23. Rxd8+ Re8 24. Rd6 Ra8 25. a3 Kf8 26. c4 Ke7 27. Rc6 Rd8 28. Kb2 (28. Nd3 $14) 28... bxc4 $11 29. Bxc4 Rd6 30. Rc7+ {[#]} (30. Rxd6 $11 Kxd6 31. Nb3) 30... Nd7 (30... Kd8 $1 $17 {[%cal Rd8c7]} 31. Rxf7 Rc6) 31. Bd5 $36 {[%mdl 2048] White has good play.} Rb8+ 32. Kc1 Kd8 33. Nxd7 Bxd7 34. Ra7 f6 35. Rd1 Rdb6 36. Rd3 {Strongly threatening Be6!} Kc8 $2 (36... Rd6 $16 {was worth a try.}) 37. Rc3+ $18 {White has a decisive advantage.} Kd8 38. Rcc7 Rd6 {[#]} 39. c4 $1 {Accuracy: White = 59%, Black = 52%.} 1-0

[Event "VI Sunway Sitges Open 2019"]
[Site "Sitges"]
[Date "2019.12.14"]
[Round "2.4"]
[White "Shubin, Kirill"]
[Black "Lagarde, Maxime"]
[Result "0-1"]
[WhiteElo "2430"]
[BlackElo "2655"]
[Annotator "TA"]
[PlyCount "102"]
[EventDate "2019.12.13"]
[EventType "swiss"]
[EventCountry "ESP"]
[SourceTitle "playchess.com"]
[Source "ChessBase"]
[SourceQuality "1"]

{[%evp 12,102,15,32,26,0,24,22,23,0,0,0,0,0,0,0,0,0,11,14,0,0,15,9,21,-12,0,-3,-4,-11,0,-10,-4,-10,-10,-11,-4,-11,-11,-17,-12,-24,-18,-20,-9,-21,0,0,0,0,15,0,0,0,0,0,0,0,0,-7,0,-8,-8,-150,-156,-128,-81,-234,-154,-188,-150,-151,-143,-150,-143,-146,-149,-147,-137,-218,-206,-219,-220,-236,-220,-385,-385,-380,-379,-356,-356,-393,-379]} 1. e4 e6 2. d4 d5 3. Nc3 Nf6 4. Bg5 dxe4 5. Nxe4 Be7 6. Bxf6 gxf6 7. Qd2 a6 {C13: French: Classical System: 4 Bg5 Be7, Alekhine-Chatard Attack} 8. g3 Bd7 9. Bg2 Bc6 {And now ...f5 would win.The position is equal.} 10. f4 f5 $146 ({Predecessor:} 10... Qd5 11. Nxf6+ Bxf6 12. Bxd5 Bxd5 13. Nf3 Bxf3 14. Rf1 Bc6 15. f5 e5 16. Qe2 O-O 17. dxe5 Bxe5 18. f6 Bxf6 19. Qg4+ Bg7 20. O-O-O f5 21. Rxf5 {1-0 (21) Edouard,R (2608)-Sarkar,J (2378) Caleta 2010}) 11. Nc3 Bxg2 12. Qxg2 c6 13. O-O-O Nd7 14. Nf3 Qa5 15. Kb1 O-O-O 16. Rd3 Bf6 17. Rhd1 c5 18. Qe2 cxd4 19. Nxd4 Nc5 20. Nb3 Qc7 21. Nxc5 Qxc5 22. a3 Rxd3 23. Rxd3 Rd8 24. Rxd8+ Kxd8 25. Nd1 Ke8 26. Kc1 Kf8 27. Qg2 Qc7 28. Nf2 b5 29. Nd3 a5 30. Qa8+ Bd8 31. Kb1 Kg7 32. h3 a4 33. g4 fxg4 34. hxg4 h6 35. Qf3 Qd6 36. f5 Qd5 37. Qg3 (37. Qxd5 $11 {keeps the balance.} exd5 38. Ne5) 37... exf5 $17 38. gxf5+ Bg5 39. Qf2 $2 (39. Qg4 $17) 39... Kf6 40. Nf4 Qh1+ 41. Ka2 {[#]} Qh4 $1 {[%cal Rh4f2][%mdl 512]} 42. Qb6+ Kxf5 43. Nd3 Qc4+ {[%mdl 64] Double Attack} 44. Kb1 {[#]} Qd5 $1 45. Nb4 (45. Qa6 $17 {was worth a try.}) 45... Qd1+ $19 46. Ka2 Qe2 {Strongly threatening ...Qe6+.} 47. Qb7 Kg6 48. Kb1 $2 (48. Nd3 {keeps fighting.}) 48... h5 {Black is winning.} 49. Nd3 Qf1+ 50. Ka2 Qf5 51. Qb8 {If White can now play Qg8+ this consolidates a bit.} Kg7 {Accuracy: White = 35%, Black = 69%.} 0-1

[Event "VI Sunway Sitges Open 2019"]
[Site "Sitges"]
[Date "2019.12.14"]
[Round "2.5"]
[White "Edouard, Romain"]
[Black "Sardana, Rishi"]
[Result "1/2-1/2"]
[WhiteElo "2653"]
[BlackElo "2428"]
[Annotator "TA"]
[PlyCount "81"]
[EventDate "2019.12.13"]
[EventType "swiss"]
[EventCountry "ESP"]
[SourceTitle "playchess.com"]
[Source "ChessBase"]
[SourceQuality "1"]

{[%evp 14,81,16,18,12,0,8,-26,-26,-40,4,10,22,-20,-4,-35,-24,-24,-24,-25,-35,-35,-33,-17,0,-18,-14,-19,6,6,19,9,23,4,9,9,38,13,30,36,28,27,22,0,0,0,0,0,0,0,0,0,0,0,0,0,0,0,0,0,0,0,0,0,0,0,0,0,0,0]} 1. c4 e6 2. g3 d5 3. Bg2 Nf6 4. Nf3 d4 5. O-O c5 6. e3 Nc6 7. exd4 cxd4 8. d3 Bd6 {A13: English Opening: 1...e6} 9. Na3 O-O 10. Rb1 (10. Nc2 e5 11. b4 a6 12. c5 Bc7 13. a4 e4 14. dxe4 d3 15. Nce1 Nxb4 16. Ba3 {½-½ (35) Anton Guijarro,D (2678)-Wang,H (2725) Changsha 2019}) 10... e5 {Black has an edge.} 11. Bg5 Bf5 $146 ({Predecessor:} 11... a6 12. Nd2 h6 13. Bxf6 Qxf6 14. Ne4 Qe7 15. Nxd6 Qxd6 16. f4 {0-1 (27) Gillis Onieva,C (1848)-Plotkin,V (2242) Caleta 2018}) 12. Nh4 Be6 13. Nc2 a5 14. Na3 Be7 15. Nb5 h6 16. Bxf6 $1 Bxf6 17. Nf3 {[#]} e4 $1 {[%mdl 512]} 18. Ne1 (18. dxe4 Bxc4) 18... exd3 {Hoping for ...d2.} 19. b3 Bf5 {Threatening ...d2!} 20. Qf3 Bh7 {White must now prevent ...d2.} 21. Rd1 $1 Re8 22. Nxd3 Qb6 23. Rfe1 Bxd3 24. Qxd3 Nb4 25. Qd2 d3 26. h4 Rxe1+ 27. Qxe1 Rd8 28. a3 {The position is equal.} Nc2 $1 {[%cal Rc2e1]} 29. Qe4 Nxa3 30. Rxd3 Nxb5 31. Rxd8+ Qxd8 32. cxb5 b6 33. Kh2 Bd4 34. f4 h5 35. f5 Qf6 36. Qd3 g6 37. Be4 {[%cal Rf5g6]} gxf5 38. Bxf5 Qe5 39. Be4 Kg7 40. Qf3 Bc5 41. Kh3 {Accuracy: White = 56%, Black = 66%.} 1/2-1/2